The Brauer group of commutative rings /
Guardado en:
| Autor Principal: | |
|---|---|
| Otros Autores: | |
| Formato: | Libro |
| Idioma: | English |
| Publicado: |
New York :
M. Dekker,
c1975.
|
| Series: | Lecture notes in pure and applied mathematics ;
v. 11 |
| Materias: | |
| Etiquetas: |
Agregar Etiqueta
Sin Etiquetas, Sea el primero en etiquetar este registro!
|
| LEADER | 00752cam a2200241 a 4500 | ||
|---|---|---|---|
| 001 | MAT.inmabb002984 | ||
| 008 | 750331s1975####nyu######b####001#0#eng## | ||
| 005 | 20150702145919.0 | ||
| 245 | 1 | 4 | |a The Brauer group of commutative rings / |c Morris Orzech, Charles Small. |
| 260 | |a New York : |b M. Dekker, |c c1975. | ||
| 300 | |a ix, 183 p. ; |c 26 cm. | ||
| 490 | 0 | |a Lecture notes in pure and applied mathematics ; |v v. 11 | |
| 504 | |a Bibliografía: p. 163-178. | ||
| 510 | 4 | |a MR, |c 56 #15627 | |
| 020 | |a 0824762614 | ||
| 100 | 1 | |a Orzech, Morris. | |
| 700 | 1 | |a Small, Charles, |d 1943- | |
| 650 | 0 | |a Brauer groups. | |
| 650 | 0 | |a Commutative rings. | |
| 084 | |a 13A20 |2 MR | ||
| 010 | |a 74024669 | ||
| 040 | |a DLC |c DLC |d DLC | ||
| 859 | |h 13 |i Or79 |p A-4910 |b BIB. MATEMATICA | ||
